A Text-book of Higher English Grammar, Composition & Translation (Record no. 798)
[ view plain ]
| 000 -LEADER | |
|---|---|
| Fixed length control field | 00524nam a2200181 4500 |
| 003 - CONTROL NUMBER IDENTIFIER | |
| Control field | SEACOMMC |
| 005 - DATE AND TIME OF LATEST TRANSACTION | |
| Control field | 20250425135557.0 |
| 008 - FIXED-LENGTH DATA ELEMENTS--GENERAL INFORMATION | |
| Fixed length control field | 241127b |||||||| |||| 00| 0 eng d |
| 020 ## - INTERNATIONAL STANDARD BOOK NUMBER / ISBN | |
| International Standard Book Number | 81-8901-919-8. |
| Price | Rs.175.00 |
| 040 ## - CATALOGING SOURCE | |
| Original cataloging agency | SEACOMMC |
| 082 ## - DEWEY DECIMAL CLASSIFICATION NUMBER | |
| Classification number | 425 |
| Book Number | D 441 |
| 100 ## - MAIN ENTRY--PERSONAL NAME | |
| Personal name | Sarkar, P.K. De. |
| 245 1# - TITLE STATEMENT | |
| Title | A Text-book of Higher English Grammar, Composition & Translation |
| Statement of responsibility | P.K. De Sarkar |
| 250 ## - EDITION STATEMENT | |
| Edition statement | 46th rev. and enl. ed. |
| 260 ## - IMPRINT | |
| Place of publication | Kolkata |
| Name of publisher | Book Syndicate |
| Date of publication | 2007 |
| 650 ## - SUBJECT ADDED ENTRY--TOPICAL TERM | |
| Topical term | English grammar |
| 942 ## - ADDED ENTRY ELEMENTS (KOHA) | |
| Koha item type | Books |
| Withdrawn status | Lost status | Source of classification | Damaged status | Not for loan | Home library | Current library | Shelving location | Date acquired | Total Checkouts | Call number | Accession number | Date last seen | Price effective from | Koha item type | Copy number |
|---|---|---|---|---|---|---|---|---|---|---|---|---|---|---|---|
| Dewey Decimal Classification | SEACOM MANAGEMENT COLLEGE | SEACOM MANAGEMENT COLLEGE | Reference | 23/11/2007 | 425 D 441 | M-1031 | 27/11/2024 | 27/11/2024 | Books | ||||||
| Dewey Decimal Classification | SEACOM MANAGEMENT COLLEGE | SEACOM MANAGEMENT COLLEGE | 23/11/2007 | 425 D 441 | M-1032 | 27/11/2024 | 27/11/2024 | Books | 1 | ||||||
| Dewey Decimal Classification | SEACOM MANAGEMENT COLLEGE | SEACOM MANAGEMENT COLLEGE | 23/11/2007 | 425 D 441 | M-1033 | 27/11/2024 | 27/11/2024 | Books | 2 |
